000 00726nam a2200205Ii 4500
003 JO-AjNU
008 230605s9999||||xx |||||||||||||| ||und||
040 _aJO-AjNU
_bara
_erda
_cJO-AjNU
041 _aara
050 1 4 _aHD9009.A7 S8،1982
100 3 _aالقاسم ، صبحي,
_eauthor
_942621
245 0 0 _aملخص كتاب نظرة تحليلية في مشكلة الغذاء في البلدان العربية
250 _aط1
264 3 1 _aعمان:مؤسسة عبد الحميد شومان،1982
300 _a358ص
336 _atext
_btxt
_2rdacontent
337 _aunmediated
_bn
_2rdamedia
338 _avolume
_bnc
_2rdacarrier
650 4 _aالأمن الغذائي - البلاد العربية 
_942622
999 _aA18263
_c21831
_d21831